000 00384 a2200169 4500
001 194630
020 _a978-85-359-2609-5
040 _cMagnum
100 _aRusso, Renato
240 1 0 _aSó por hoje e para sempre
_lpor
245 1 0 _aSó por hoje e para sempre
300 _a167
362 0 _a2015
440 1 _aCompanhia das Letras
697 _aLITERATURA GERAL
942 _cBK
999 _c194630
_d194630